|
|
|
|
| LEADER |
00000nab a2200000 a 4500 |
| 001 |
vtls000663402 |
| 003 |
SK-MaSNL |
| 005 |
20260304090520.0 |
| 008 |
250425c1998 xo 0 slo |
| 015 |
|
|
|a SNBRB1998/05-13122
|
| 035 |
|
|
|a CLN000015588
|
| 035 |
|
|
|a urn:nbn:sk:snk-ab3517
|
| 035 |
|
|
|a (urnnbn)urn:nbn:sk:snk:ar-a064e8
|
| 035 |
|
|
|a (uuid)a9290959-cf09-415f-aa1e-fdbfb5f4c57e
|
| 040 |
|
|
|a SNKBUCL
|b slo
|c SNKBUCL
|e AACR2
|
| 041 |
0 |
|
|a slo
|
| 044 |
|
|
|a xo
|c SK
|
| 080 |
|
|
|a 616.24-008.841.5
|2 1997
|
| 100 |
1 |
|
|a Majer, Ivan
|4 aut
|9 298014
|
| 245 |
1 |
0 |
|a Manažment krvácania v dolných dýchacích cestách
|c I. Majer, S. Štekláčová, Š. Litomerický ml.
|
| 504 |
|
|
|a Res. angl., slov. Bibliogr. odkazy
|
| 650 |
0 |
7 |
|a hemoptýza masívna
|2 snkbucl
|9 914295
|
| 650 |
0 |
7 |
|a bronchoskopia
|2 snkbucl
|9 14280
|
| 655 |
|
7 |
|a články z novín a časopisov
|2 snkbucl
|9 267496
|
| 700 |
1 |
|
|a Štekláčová, S.
|4 aut
|9 862952
|
| 700 |
1 |
|
|a Litomerický, Štefan,
|c ml
|4 aut
|9 202696
|
| 773 |
0 |
|
|t Studia pneumologica et phthiseologica
|g Roč. 58, č. 1 (1998), s. 6-9
|x 0371-2222
|
| 850 |
|
|
|a Slovenská národná knižnica
|
| 852 |
|
|
|a Slovenská národná knižnica
|
| 954 |
|
|
|a odborná, vedecká literatúra pôvodná (slovenská)
|2 lita
|
| 958 |
|
|
|a article27
|
| 958 |
|
|
|a NB
|
| 958 |
|
|
|a OND
|
| 958 |
|
|
|a EUIPO
|
| 999 |
|
|
|c 2811702
|d 2813632
|